000 00511nam a2200205Ia 4500
003 GCL
008 140319s9999 xx 000 0 eng d
040 _aGCL /
_cGCL
082 0 4 _a932.014
_bK T
100 1 _aCHAUKY, A.
245 1 0 _aTOUT ANCH AMON: EN FARAOS LIV DODOCH ATERUPPSL ANDELSE /
_cCHAUKY, A.
700 1 _aKENETT, F.L.
260 _a[S.N] :
_bBONNIERS
300 _a312 P
650 0 4 _aTOMBS
650 0 4 _aTUTANCHAMON
650 0 4 _aEGYPTOLOGY
650 0 4 _aKING'S VALLEY
942 _2ddc
_cBK
999 _c19537
_d19537